00561 a2200157 4500020001800000082002200018100005100040110004300091245001600134260008100150300002200231650005600253700002800309700002300337710004300360 a9789968530194 a759.972.86bM743j a Monge Picado, Maria Jose y Rojas, Jose Miguel aMuseos del Banco Central de Costa Rica aJuego Sucio aSan Jose, Costa RicabFundacion Museos del Banco Central de Costa Ricac2014 a197 pbcolc28 cm aPintura costarricensexRojas Gonzalerz, Jose Miguel aMaria Jose Monge Picado aJose Miguel Rojas  aMuseos del Banco Central de Costa Rica